[Event "Essent open"]
[Site "Hoogeveen"]
[Date "2005.10.25"]
[Round "5"]
[White "Schuurman, Petra"]
[Black "Wells, Peter Kenneth"]
[Result "1/2-1/2"]
[WhiteElo "2279"]
[BlackElo "2513"]
[PlyCount "30"]
[EventDate "2005.10.21"]

1. d4 Nf6 2. c4 e6 3. Nc3 Bb4 4. Qc2 O-O 5. a3 Bxc3+ 6. Qxc3 b6 7. Bg5 Bb7 8.
f3 h6 9. Bh4 d5 10. cxd5 exd5 11. e3 Re8 12. Bb5 c6 13. Ba4 a5 14. Ne2 Ba6 15.
Qd2 Qe7 1/2-1/2

[Event "Essent open"]
[Site "Hoogeveen"]
[Date "2005.10.25"]
[Round "5"]
[White "Wiersma, Eelke"]
[Black "Van Veen, Oscar"]
[Result "1/2-1/2"]
[WhiteElo "2431"]
[BlackElo "2207"]
[PlyCount "49"]
[EventDate "2005.10.21"]

1. e4 e5 2. Nf3 Nc6 3. d4 exd4 4. Nxd4 Nf6 5. Nxc6 bxc6 6. e5 Qe7 7. Qe2 Nd5 8.
c4 Ba6 9. b3 Qh4 10. a3 Nf4 11. Qe4 Ng6 12. Qxh4 Nxh4 13. Bb2 O-O-O 14. Nd2 c5
15. g3 Nf5 16. Bh3 Nd4 17. O-O-O Bb7 18. Rhe1 h5 19. Bxd4 cxd4 20. b4 h4 21.
Bf5 hxg3 22. hxg3 Rh2 23. Re2 a5 24. Be4 axb4 25. axb4 1/2-1/2

[Event "Essent open"]
[Site "Hoogeveen"]
[Date "2005.10.25"]
[Round "5"]
[White "Weeks, Manuel"]
[Black "Vul, Arkadi Eremeevich"]
[Result "1/2-1/2"]
[WhiteElo "2268"]
[BlackElo "2423"]
[PlyCount "39"]
[EventDate "2005.10.21"]

1. e4 e5 2. Nf3 Nc6 3. Bb5 g6 4. d4 exd4 5. c3 Nge7 6. Bg5 Bg7 7. cxd4 O-O 8.
Nc3 h6 9. Bh4 g5 10. Bg3 d5 11. exd5 Nxd5 12. O-O Bg4 13. Bxc6 bxc6 14. Rc1 Rb8
15. b3 Rb4 16. Nxd5 Qxd5 17. Rc5 Qd7 18. Qd2 Rb5 19. Rxb5 cxb5 20. Ne5 1/2-1/2

[Event "Essent open"]
[Site "Hoogeveen"]
[Date "2005.10.25"]
[Round "5"]
[White "Vogel, Jaap"]
[Black "Jens, Jelmer"]
[Result "0-1"]
[WhiteElo "2261"]
[BlackElo "2366"]
[PlyCount "106"]
[EventDate "2005.10.21"]

1. Nf3 Nf6 2. g3 b5 3. Bg2 Bb7 4. d4 e6 5. Bg5 Be7 6. Qd3 Be4 7. Qd2 c5 8. Nc3
Bc6 9. Bxf6 Bxf6 10. dxc5 b4 11. Nd1 Qa5 12. a3 Na6 13. O-O Qxc5 14. axb4 Nxb4
15. c3 Nd5 16. Nd4 O-O 17. Nxc6 dxc6 18. e4 Nb6 19. Ne3 Bg5 20. Qd4 Bxe3 21.
fxe3 Qe7 22. e5 Rad8 23. Qf4 Nd5 24. Qf2 Rd7 25. Ra6 c5 26. Rfa1 Nb6 27. Bc6
Rc7 28. Be4 Rd8 29. b3 Nd5 30. Bxd5 Rxd5 31. Qf4 h6 32. h4 Qd7 33. Rd6 Qc8 34.
c4 Rxd6 35. exd6 Rd7 36. e4 Qb8 37. e5 Qxb3 38. Rf1 a5 39. Rf3 Qc2 40. Rf2 Qb1+
41. Rf1 Qb3 42. Rf3 Qb7 43. g4 a4 44. g5 h5 45. Rf1 a3 46. Qf2 Qb4 47. g6 Qxc4
48. gxf7+ Kf8 49. Rb1 Rd8 50. d7 Qd4 51. Rb7 a2 52. Qxd4 cxd4 53. Ra7 Rxd7 0-1

[Event "Essent open"]
[Site "Hoogeveen"]
[Date "2005.10.25"]
[Round "5"]
[White "Doggers, Peter"]
[Black "Van Beek, Alexander"]
[Result "0-1"]
[WhiteElo "2239"]
[BlackElo "2334"]
[PlyCount "32"]
[EventDate "2005.10.21"]

1. e4 e6 2. d4 d5 3. exd5 exd5 4. Nf3 Bd6 5. c4 c6 6. Nc3 Nf6 7. Bg5 O-O 8.
cxd5 cxd5 9. Nxd5 Qe8+ 10. Ne3 Bb4+ 11. Ke2 Ne4 12. Bh4 b6 13. Qb3 Bd6 14. Ke1
Nc6 15. Be2 Bd7 16. Kf1 Nxd4 0-1

[Event "Essent open"]
[Site "Hoogeveen"]
[Date "2005.10.25"]
[Round "5"]
[White "Van der Plas, Rob"]
[Black "Slingerland, Fred"]
[Result "1/2-1/2"]
[WhiteElo "2211"]
[BlackElo "2325"]
[PlyCount "136"]
[EventDate "2005.10.21"]

1. d4 d5 2. Nf3 Nf6 3. c4 c6 4. Nc3 e6 5. Bg5 dxc4 6. e4 b5 7. e5 h6 8. Bh4 g5
9. exf6 gxh4 10. Ne5 Qxf6 11. Be2 Nd7 12. Nxc6 Bb7 13. Bf3 a6 14. O-O Rc8 15.
Ne5 Bxf3 16. Qxf3 Qxf3 17. Nxf3 Bg7 18. h3 Nb6 19. Rad1 Ke7 20. Nxh4 b4 21. Ne2
Rhd8 22. Nf3 Kf8 23. Rc1 Na4 24. b3 cxb3 25. axb3 Nc3 26. Nxc3 bxc3 27. Rc2
Bxd4 28. Nxd4 Rxd4 29. Rfc1 Rd3 30. Kf1 e5 31. Ke2 e4 32. f3 f5 33. Ra1 Rd6 34.
fxe4 fxe4 35. Rac1 Rd3 36. Ra1 Rcd8 37. Rac1 Rc8 38. Ra1 Rc6 39. Ra4 Rg3 40.
Kf1 Rf6+ 41. Kg1 Re3 42. Rc4 Re1+ 43. Kh2 Re6 44. R2xc3 e3 45. Rc1 Rxc1 46.
Rxc1 e2 47. Re1 Re3 48. Kg1 a5 49. Kf2 Rxb3 50. Rxe2 a4 51. Re6 Kg7 52. Ra6 a3
53. Kg1 h5 54. h4 Rb1+ 55. Kh2 Ra1 56. g4 hxg4 57. Ra4 Ra2+ 58. Kg3 Kf6 59.
Kxg4 Rg2+ 60. Kf3 Rh2 61. Kg3 Ra2 62. Ra5 Kg6 63. h5+ Kh6 64. Kh3 Ra1 65. Kg3
a2 66. Kg2 Rb1 67. Ra6+ Kxh5 68. Rxa2 Rb3 1/2-1/2

[Event "Essent open"]
[Site "Hoogeveen"]
[Date "2005.10.25"]
[Round "5"]
[White "Pruijssers, Roeland"]
[Black "De Jong, Migchiel"]
[Result "1-0"]
[WhiteElo "2310"]
[BlackElo "2277"]
[PlyCount "85"]
[EventDate "2005.10.21"]

1. e4 e6 2. d4 d5 3. Nc3 Bb4 4. e5 Ne7 5. a3 Bxc3+ 6. bxc3 c5 7. Qg4 O-O 8. Bd3
f5 9. Qh4 Nbc6 10. Nf3 Qa5 11. Bd2 Qa4 12. Ra2 Bd7 13. O-O c4 14. Be2 f4 15.
Qg4 Rf5 16. Bxf4 Raf8 17. Bg5 Qa5 18. Nh4 Rxg5 19. Qxg5 Qxc3 20. Rd1 Nxd4 21.
Qxe7 Nxe2+ 22. Kf1 Qxe5 23. Re1 Bb5 24. c3 Rf7 25. Qc5 Qxh2 26. Qc8+ Rf8 27.
Qxe6+ Kh8 28. Nf3 Qg1+ 29. Kxe2 Qxg2 30. Qe3 Re8 31. Ne5 d4 32. cxd4 c3+ 33.
Kd1 Qd5 34. Rc2 Ba4 35. Kc1 h6 36. Rxc3 Qa2 37. Qd3 Qa1+ 38. Kd2 Qb2+ 39. Ke3
Qb6 40. Kd2 Qb2+ 41. Ke3 Qb6 42. Kf3 Qf6+ 43. Kg2 1-0

[Event "Essent open"]
[Site "Hoogeveen"]
[Date "2005.10.25"]
[Round "5"]
[White "Van Leent, Dimitri"]
[Black "Ouwendijk, Vincent"]
[Result "1-0"]
[WhiteElo "2309"]
[BlackElo "2107"]
[PlyCount "83"]
[EventDate "2005.10.21"]

1. c4 e5 2. g3 Nf6 3. Bg2 c6 4. d4 Bb4+ 5. Bd2 Bxd2+ 6. Qxd2 d6 7. Nc3 O-O 8.
Rd1 Qe7 9. b3 Re8 10. dxe5 dxe5 11. Qd6 Qxd6 12. Rxd6 Bf5 13. Nf3 Na6 14. O-O
h6 15. Rfd1 Nc5 16. Nh4 Bc2 17. Rc1 Bh7 18. b4 Ne6 19. Rcd1 Rad8 20. Rxd8 Rxd8
21. Rxd8+ Nxd8 22. Nf3 Nd7 23. Bh3 Ne6 24. Bxe6 fxe6 25. e4 Kf7 26. Nd2 Ke7 27.
c5 Bg6 28. f3 b6 29. cxb6 axb6 30. a4 Kd6 31. Nc4+ Kc7 32. Kf2 Kb7 33. Ke3 Ka6
34. h4 b5 35. axb5+ cxb5 36. Nd6 Nb8 37. Ncxb5 Nc6 38. Nc7+ Kb6 39. Nxe6 Nxb4
40. Nc4+ Kc6 41. Nxg7 Bh7 42. Nxe5+ 1-0

[Event "Essent open"]
[Site "Hoogeveen"]
[Date "2005.10.25"]
[Round "5"]
[White "Weisbuch, Udi"]
[Black "Rooda, Kai"]
[Result "0-1"]
[WhiteElo "2299"]
[BlackElo "2132"]
[PlyCount "92"]
[EventDate "2005.10.21"]

1. e4 e5 2. Nf3 Nc6 3. Nc3 Nf6 4. g3 Bc5 5. Bg2 d6 6. d3 h6 7. Na4 Bb6 8. Nxb6
axb6 9. h3 Be6 10. Bd2 Qd7 11. Bc3 O-O 12. g4 Nh7 13. d4 exd4 14. Nxd4 Rfe8 15.
O-O Bc4 16. Re1 f6 17. f4 Rad8 18. Qd2 Nxd4 19. Qxd4 b5 20. Qf2 Bf7 21. Rad1 c5
22. a3 Qc7 23. Re3 Re7 24. Red3 b6 25. Qd2 Red7 26. h4 Bc4 27. Rd5 Bxd5 28.
Qxd5+ Kh8 29. g5 Re7 30. gxh6 gxh6 31. e5 Rf7 32. exd6 Qd7 33. Qh5 Rg8 34. Qxh6
Qg4 35. Rd2 Rg6 36. d7 Rxd7 37. Qxg6 Qxg6 38. Rxd7 Qxc2 39. Re7 Qc1+ 40. Re1
Qxf4 41. h5 Kg7 42. Re7+ Kh6 43. Be4 Ng5 44. Bb1 Kxh5 45. Re2 Nh3+ 46. Kg2 Qg4+
0-1

[Event "Essent open"]
[Site "Hoogeveen"]
[Date "2005.10.25"]
[Round "5"]
[White "Brandenburg, Daan"]
[Black "Cako, Laszlo"]
[Result "1-0"]
[WhiteElo "2395"]
[BlackElo "2193"]
[PlyCount "81"]
[EventDate "2005.10.21"]

1. e4 e5 2. Nf3 Nc6 3. Bb5 a6 4. Ba4 Nf6 5. O-O Be7 6. Re1 b5 7. Bb3 d6 8. c3
O-O 9. h3 Nb8 10. d4 Nbd7 11. Nbd2 Bb7 12. Bc2 Re8 13. Nf1 Bf8 14. Ng3 g6 15.
b3 Bg7 16. d5 Nc5 17. Be3 Rc8 18. c4 c6 19. b4 Ncd7 20. dxc6 Rxc6 21. cxb5 axb5
22. Bd3 Rc8 23. Bxb5 d5 24. Bg5 Qb6 25. Bxf6 Qxb5 26. Bxg7 Kxg7 27. a4 Qc4 28.
Nd2 Qd4 29. exd5 Bxd5 30. Nde4 Re6 31. Re2 Bxe4 32. Nxe4 Rc4 33. b5 Nc5 34.
Nxc5 Qxc5 35. Rd2 Rf6 36. Qe1 e4 37. Re2 Re6 38. Qd2 Qe5 39. Qb2 Rd4 40. b6 e3
41. fxe3 1-0

[Event "Essent open"]
[Site "Hoogeveen"]
[Date "2005.10.25"]
[Round "5"]
[White "Grooten, Herman"]
[Black "Van Opheusden, Bas"]
[Result "1-0"]
[WhiteElo "2350"]
[BlackElo "2190"]
[PlyCount "67"]
[EventDate "2005.10.21"]

1. d4 Nf6 2. c4 c5 3. d5 e6 4. Nc3 exd5 5. cxd5 d6 6. Nf3 g6 7. Nd2 Bg7 8. e4
O-O 9. Be2 Re8 10. O-O Na6 11. f3 Nc7 12. Kh1 Nd7 13. Nc4 Ne5 14. Ne3 f5 15. f4
Nf7 16. exf5 gxf5 17. Bd3 Nh6 18. Qh5 Qf6 19. Bd2 Qg6 20. Qf3 Ng4 21. Nxg4 Qxg4
22. Qxg4 fxg4 23. f5 Be5 24. Bh6 Re7 25. Rae1 Ne8 26. Ne4 Rf7 27. Nxd6 Nxd6 28.
Rxe5 c4 29. Bc2 b5 30. f6 Bd7 31. Rg5+ Kh8 32. Bg7+ Kg8 33. Rf4 Re8 34. h4 1-0

[Event "Essent open"]
[Site "Hoogeveen"]
[Date "2005.10.25"]
[Round "5"]
[White "Kulago, Alexander"]
[Black "Bitalzadeh, Ali"]
[Result "0-1"]
[WhiteElo "2103"]
[BlackElo "2267"]
[PlyCount "60"]
[EventDate "2005.10.21"]

1. Nf3 Nf6 2. c4 g6 3. g3 Bg7 4. Bg2 O-O 5. O-O d6 6. d4 Nc6 7. Nc3 a6 8. e4
Rb8 9. Re1 Bg4 10. h3 Bxf3 11. Bxf3 e5 12. dxe5 dxe5 13. Bg5 Nd4 14. Bg2 c6 15.
Be3 Nd7 16. Qd2 Nc5 17. Rad1 Qa5 18. Ne2 Qxa2 19. Qb4 Nxe2+ 20. Rxe2 Qb3 21.
Qxb3 Nxb3 22. Bb6 Bf6 23. f4 Bd8 24. Be3 f6 25. Kh2 Be7 26. fxe5 fxe5 27. Rd7
Bc5 28. Bh6 Rf7 29. Rd3 Nd4 30. h4 Nxe2 0-1

[Event "Essent open"]
[Site "Hoogeveen"]
[Date "2005.10.25"]
[Round "5"]
[White "Wempe, Joost"]
[Black "Potze, Rudolf"]
[Result "1-0"]
[WhiteElo "2221"]
[BlackElo "2128"]
[PlyCount "73"]
[EventDate "2005.10.21"]

1. d4 Nf6 2. c4 g6 3. Nc3 d5 4. cxd5 Nxd5 5. Bd2 Bg7 6. e4 Nb6 7. Be3 O-O 8.
Be2 e5 9. dxe5 Qxd1+ 10. Rxd1 Bxe5 11. f4 Bg7 12. Nf3 Be6 13. Nd4 Bc4 14. Bg4
Nc6 15. Nxc6 bxc6 16. Bd4 Rfe8 17. Bxg7 Kxg7 18. Kd2 Rab8 19. Bf3 Be6 20. Kc1
a5 21. Rde1 Red8 22. Rd1 Re8 23. e5 Nd5 24. Nxd5 cxd5 25. Bxd5 Rb4 26. Bxe6
Rxe6 27. g3 a4 28. Rhe1 h5 29. a3 Rc4+ 30. Kb1 c6 31. Rc1 Rd4 32. Red1 Rxd1 33.
Rxd1 g5 34. Rd6 gxf4 35. Rxe6 fxe6 36. gxf4 Kg6 37. b3 1-0

[Event "Essent open"]
[Site "Hoogeveen"]
[Date "2005.10.25"]
[Round "5"]
[White "Van Nies, Pauline"]
[Black "Giddins, Stephen"]
[Result "1/2-1/2"]
[WhiteElo "2063"]
[BlackElo "2200"]
[PlyCount "29"]
[EventDate "2005.10.21"]

1. e4 Nc6 2. d4 e5 3. c3 d5 4. dxe5 dxe4 5. Qxd8+ Kxd8 6. Bf4 Nge7 7. Nd2 Ng6
8. Bg5+ Be7 9. Nxe4 Bf5 10. O-O-O+ Ke8 11. Bxe7 Kxe7 12. Nc5 b6 13. Bd3 Bxd3
14. Nxd3 Ncxe5 15. Nh3 1/2-1/2

[Event "Essent open"]
[Site "Hoogeveen"]
[Date "2005.10.25"]
[Round "5"]
[White "Ahlers, Ben"]
[Black "Hendriks, Peter"]
[Result "1-0"]
[WhiteElo "2198"]
[BlackElo "2121"]
[PlyCount "123"]
[EventDate "2005.10.21"]

1. d4 d5 2. c4 e6 3. Nc3 c6 4. Nf3 dxc4 5. a4 Bb4 6. e3 b5 7. g3 Nf6 8. Bg2 Bb7
9. O-O Qb6 10. Ne5 O-O 11. f4 a6 12. f5 Nbd7 13. Qf3 Rab8 14. Nxc6 Rfc8 15. d5
Bxc6 16. dxc6 Ne5 17. Qf4 Nd3 18. Qf3 Bc5 19. Kh1 Ne5 20. Qf4 Nxc6 21. fxe6
fxe6 22. Bd2 Rd8 23. axb5 axb5 24. Ne4 Nxe4 25. Qf7+ Kh8 26. Bxe4 Rxd2 27. Qh5
g6 28. Bxg6 Rd7 29. Rad1 Rg7 30. Rf7 Rxf7 31. Bxf7 Qb7 32. Bxe6 Rd8 33. Rd5 Bf8
34. Qg5 Bg7 35. e4 Rxd5 36. exd5 Qe7 37. Qf4 Ne5 38. Qd4 h6 39. Qb6 Kh7 40.
Bf5+ Kg8 41. Qb8+ Bf8 42. Be6+ Kh7 43. Qxe5 Qg5 44. Bf5+ Kg8 45. d6 Qc1+ 46.
Kg2 Qd2+ 47. Kh3 Qg5 48. d7 Be7 49. Be6+ Kh7 50. Bf5+ Kg8 51. Qd5+ Kg7 52. Kg2
Qf6 53. Qxb5 Qd4 54. Kh3 Bf6 55. Qb7 Bd8 56. Bg4 Qd3 57. Qf3 Qxf3 58. Bxf3 Bf6
59. Kg4 Kf8 60. Kf5 Kf7 61. Bd5+ Kg7 62. Bxc4 1-0

[Event "Essent open"]
[Site "Hoogeveen"]
[Date "2005.10.25"]
[Round "5"]
[White "Meijer, Dolf"]
[Black "Hendriks, Richard"]
[Result "1-0"]
[WhiteElo "2226"]
[BlackElo "2157"]
[PlyCount "81"]
[EventDate "2005.10.21"]

1. d4 e6 2. e4 c5 3. d5 exd5 4. exd5 d6 5. Nf3 a6 6. a4 Ne7 7. c3 Ng6 8. Nbd2
Be7 9. Nc4 O-O 10. Bd3 Bg4 11. h3 Bxf3 12. Qxf3 Nd7 13. Qf5 Nf6 14. O-O b5 15.
Ne3 Ne5 16. Bb1 g6 17. Qc2 c4 18. Qe2 Nh5 19. Nf5 Bf6 20. axb5 axb5 21. Rxa8
Qxa8 22. Nxd6 Qxd5 23. Rd1 Qc6 24. Be4 Qa6 25. Bb7 Qb6 26. Be3 Qa5 27. g4 Ng7
28. Bd4 Nd7 29. Bxf6 Nxf6 30. Qe5 Qd8 31. Bf3 Nfe8 32. Nxb5 Qh4 33. Qg3 Qg5 34.
Nd4 Ne6 35. Nxe6 fxe6 36. Be2 Qb5 37. Qe3 Nc7 38. Rd2 e5 39. Qe4 Kg7 40. Qxc4
Qxc4 41. Bxc4 1-0

[Event "Essent open"]
[Site "Hoogeveen"]
[Date "2005.10.25"]
[Round "5"]
[White "Van Ruitenburg, Joost"]
[Black "Van Geffen, Ben"]
[Result "1-0"]
[WhiteElo "2216"]
[BlackElo "2118"]
[PlyCount "57"]
[EventDate "2005.10.21"]

1. d4 d5 2. Bg5 Qd6 3. Nf3 Bf5 4. c4 Qb4+ 5. Nc3 dxc4 6. Bd2 Qd6 7. e4 Bg4 8.
Bxc4 e6 9. Qa4+ c6 10. Ne5 Bh5 11. Bf4 Qb4 12. Qc2 Nf6 13. a3 Qa5 14. d5 exd5
15. exd5 Bb4 16. axb4 Qxa1+ 17. Bc1 O-O 18. O-O b5 19. Nxb5 cxb5 20. Bxb5 Nbd7
21. Nxd7 Nxd7 22. Bxd7 Qa2 23. Bc6 Rac8 24. Qc3 Rfd8 25. Re1 f6 26. b5 Bf7 27.
Rd1 Rxd5 28. Bxd5 Rxc3 29. Bxa2 1-0

[Event "Essent open"]
[Site "Hoogeveen"]
[Date "2005.10.25"]
[Round "5"]
[White "Jelic, Bruno"]
[Black "Dougherty, Michael J"]
[Result "1-0"]
[WhiteElo "2104"]
[BlackElo "2212"]
[PlyCount "95"]
[EventDate "2005.10.21"]

1. d4 c5 2. d5 d6 3. e4 Nf6 4. Nc3 g6 5. Nf3 Bg7 6. Be2 O-O 7. O-O Na6 8. Nd2
Nc7 9. a4 b6 10. Nc4 Bb7 11. Bf4 Nd7 12. Qd2 a6 13. Bh6 Rb8 14. Bxg7 Kxg7 15.
Ne3 Nf6 16. Ng4 Nxg4 17. Bxg4 e6 18. Be2 exd5 19. Nxd5 Bxd5 20. exd5 Qf6 21. c3
Rfe8 22. Bf3 Re5 23. b4 Rbe8 24. a5 b5 25. bxc5 dxc5 26. d6 Ne6 27. Bb7 Nf4 28.
d7 Rd8 29. Rae1 Rxe1 30. Rxe1 Qf5 31. Rd1 c4 32. Qd4+ Kg8 33. Qe3 Kf8 34. Bc6
Ne6 35. h3 Qc5 36. Qxc5+ Nxc5 37. Rd5 Ke7 38. Bxb5 axb5 39. Rxc5 Rxd7 40. Rxb5
Rd1+ 41. Kh2 Rc1 42. a6 Ra1 43. Rb7+ Kf6 44. a7 Ra3 45. f3 h5 46. Kg3 g5 47. h4
Kg6 48. hxg5 1-0

[Event "Essent open"]
[Site "Hoogeveen"]
[Date "2005.10.25"]
[Round "5"]
[White "Van der Veen, Jan"]
[Black "Galje, Hans"]
[Result "1/2-1/2"]
[WhiteElo "2196"]
[BlackElo "2135"]
[PlyCount "25"]
[EventDate "2005.10.21"]

1. e4 e5 2. Nf3 Nc6 3. Bb5 a6 4. Ba4 Nf6 5. O-O Be7 6. Re1 b5 7. Bb3 O-O 8. c3
d6 9. h3 Na5 10. Bc2 c5 11. d4 Qc7 12. Nbd2 Re8 13. d5 1/2-1/2

[Event "Essent open"]
[Site "Hoogeveen"]
[Date "2005.10.25"]
[Round "5"]
[White "Woudt, Edwin"]
[Black "Drost, Peter"]
[Result "1/2-1/2"]
[WhiteElo "2103"]
[BlackElo "2190"]
[PlyCount "51"]
[EventDate "2005.10.21"]

1. e4 c5 2. Nf3 Nc6 3. d4 cxd4 4. Nxd4 Nf6 5. Nc3 d6 6. Bg5 e6 7. Qd2 a6 8.
O-O-O Bd7 9. f4 b5 10. a3 Qb6 11. Bxf6 gxf6 12. Nxc6 Bxc6 13. Be2 h5 14. Rhe1
Rc8 15. Kb1 a5 16. Bf3 Bd7 17. Qd4 Qxd4 18. Rxd4 e5 19. Rdd1 Bc6 20. f5 Kd7 21.
Nd5 Bxd5 22. Rxd5 Rc5 23. Red1 Kc6 24. Rxc5+ dxc5 25. Rd8 h4 26. Ra8 1/2-1/2

[Event "Essent open"]
[Site "Hoogeveen"]
[Date "2005.10.25"]
[Round "5"]
[White "Holscher, Peter"]
[Black "Schelwokat, Peter"]
[Result "1-0"]
[WhiteElo "2069"]
[BlackElo "2076"]
[PlyCount "109"]
[EventDate "2005.10.21"]

1. Nf3 Nf6 2. g3 c5 3. c4 Nc6 4. Bg2 g6 5. O-O Bg7 6. Nc3 O-O 7. d4 cxd4 8.
Nxd4 a6 9. h3 Qc7 10. Be3 e5 11. Nb3 d6 12. Rc1 Ne7 13. Qd2 Be6 14. Nd5 Bxd5
15. cxd5 Qd7 16. Na5 Ne8 17. Nc4 Nc8 18. Rc2 f5 19. Rfc1 Rf7 20. b3 Bf6 21. Bb6
Kg7 22. a4 h5 23. f4 e4 24. Bd4 Qe7 25. Na5 Qd8 26. Qb4 Bxd4+ 27. Qxd4+ Kh7 28.
b4 Qb6 29. Rc4 Qxd4+ 30. Rxd4 Nb6 31. Ra1 Rc8 32. Ra2 Nf6 33. Kh2 Nbxd5 34.
Rad2 Nb6 35. Rxd6 Nxa4 36. Nxb7 Rb8 37. Nd8 Rf8 38. Ne6 Rfc8 39. Rxa6 Rxb4 40.
Ng5+ Kg7 41. Rdd6 Nc5 42. Ra7+ Rb7 43. Ra5 Ncd7 44. Kg1 Rc3 45. Kf2 e3+ 46. Kg1
Rb1+ 47. Kh2 Rc2 48. Bf3 Rf1 49. h4 Rxf3 50. Nxf3 Ng4+ 51. Kg1 Rc1+ 52. Kg2
Ngf6 53. Re6 Rc3 54. Ng5 Rb3 55. Kf3 1-0

[Event "Essent open"]
[Site "Hoogeveen"]
[Date "2005.10.26"]
[Round "6"]
[White "Baklan, Vladimir"]
[Black "Atalik, Suat"]
[Result "1/2-1/2"]
[WhiteElo "2590"]
[BlackElo "2620"]
[PlyCount "236"]
[EventDate "2005.10.21"]

1. e4 e5 2. Nf3 Nc6 3. d4 exd4 4. Nxd4 Bc5 5. Be3 Qf6 6. c3 d6 7. Be2 Bd7 8.
O-O Nge7 9. f4 O-O-O 10. Qd2 Bxd4 11. cxd4 d5 12. b4 dxe4 13. b5 Nb8 14. Nc3
Qg6 15. Rac1 Bh3 16. Rf2 Nf5 17. Nxe4 Rhe8 18. Bd3 Nxe3 19. Qxe3 Bf5 20. Nd6+
Qxd6 21. Bxf5+ Nd7 22. Qc3 g6 23. Bh3 Kb8 24. Rfc2 Rc8 25. f5 g5 26. g3 Re4 27.
Rd2 Nf6 28. Bg2 Rd8 29. Kh1 g4 30. a4 Re7 31. Qb3 Qd7 32. Rf1 Qe8 33. a5 Re1
34. Rd1 Rxd1 35. Qxd1 Qxb5 36. a6 Qxa6 37. Qb3 Qb6 38. Qxf7 Qxd4 39. Qe6 Re8
40. Qb3 b6 41. Rd1 Qe5 42. Bc6 Rf8 43. Qa3 Qc5 44. Qxc5 bxc5 45. Rc1 a5 46.
Rxc5 Ka7 47. Ba4 Kb6 48. Rb5+ Ka6 49. Rc5 Ne4 50. Rxc7 Rxf5 51. Bc2 Nf2+ 52.
Kg2 Rf6 53. Bxh7 Nd1 54. Bd3+ Kb6 55. Rc1 Rf2+ 56. Kg1 Rd2 57. Bf5 Ne3 58. Bc8
a4 59. h3 gxh3 60. Bxh3 a3 61. Be6 Rg2+ 62. Kh1 Rxg3 63. Kh2 Rg6 64. Rc3 Nf1+
65. Kh3 Rxe6 66. Rxa3 Kc5 67. Kg4 Ne3+ 68. Kf4 Nd5+ 69. Kf5 Re1 70. Ra8 Rf1+
71. Ke5 Nb6 72. Ra5+ Kc6 73. Ra2 Re1+ 74. Kd4 Rd1+ 75. Ke4 Kc5 76. Ra5+ Kb4 77.
Ra6 Nc4 78. Ra8 Re1+ 79. Kd4 Rd1+ 80. Ke4 Nb6 81. Ra7 Kc5 82. Rc7+ Kd6 83. Rb7
Nd5 84. Ra7 Nc3+ 85. Ke3 Kc5 86. Rc7+ Kb4 87. Rb7+ Kc4 88. Rc7+ Kb3 89. Rc8 Rd7
90. Kf4 Re7 91. Kf5 Kb4 92. Kf6 Re1 93. Kf5 Nd5 94. Kg5 Rf1 95. Kg4 Kb5 96. Kg3
Nb6 97. Rc2 Nc4 98. Ra2 Kc5 99. Ra8 Kd4 100. Ra4 Rf8 101. Kg4 Kd5 102. Kg5 Nd6
103. Ra5+ Ke6 104. Kg4 Nc4 105. Rc5 Ne5+ 106. Kg3 Rf3+ 107. Kg2 Rd3 108. Kf2
Kf5 109. Ke2 Rd4 110. Ke3 Re4+ 111. Kd2 Kf4 112. Kc3 Ke3 113. Rc8 Nd3 114. Rd8
Ne5 115. Rd5 Rc4+ 116. Kb3 Re4 117. Kc3 Kf4 118. Ra5 Re3+ 1/2-1/2

[Event "Essent open"]
[Site "Hoogeveen"]
[Date "2005.10.26"]
[Round "6"]
[White "Nijboer, Friso"]
[Black "Jonkman, Harmen"]
[Result "1-0"]
[WhiteElo "2545"]
[BlackElo "2446"]
[PlyCount "107"]
[EventDate "2005.10.21"]

1. e4 e5 2. Nf3 Nc6 3. Bb5 Nf6 4. O-O Nxe4 5. d4 Nd6 6. Bxc6 dxc6 7. dxe5 Nf5
8. Qxd8+ Kxd8 9. Nc3 Ne7 10. h3 h6 11. b3 Ng6 12. Bb2 Nf4 13. Rad1+ Ke8 14.
Rfe1 Ne6 15. Kh2 a5 16. Ng1 h5 17. Nge2 Bb4 18. a3 Bxc3 19. Bxc3 b6 20. f4 g6
21. Ng3 Ba6 22. f5 gxf5 23. Nxf5 Rd8 24. Rxd8+ Kxd8 25. Rd1+ Ke8 26. Be1 Bc8
27. Bh4 Bd7 28. b4 a4 29. Bf6 Rg8 30. c4 Rg6 {Diagram #} 31. c5 bxc5 32. bxc5
Nxc5 33. Ng7+ Rxg7 34. Bxg7 Ke7 35. Rd4 Bf5 36. Rc4 Ne6 37. Bh6 c5 38. Be3 Kd7
39. Bxc5 Kc6 40. Be3+ Kd5 41. Rxa4 c5 42. Ra5 Nd4 43. Kg3 Nb3 44. Rb5 Kc4 45.
Rb7 Be6 46. Rc7 Bd5 47. a4 Kb4 48. a5 c4 49. a6 c3 50. a7 Nd2 51. Rxf7 Nc4 52.
Rf4 Kb3 53. Rxc4 Kxc4 54. e6 1-0

[Event "Essent open"]
[Site "Hoogeveen"]
[Date "2005.10.26"]
[Round "6"]
[White "Rogers, Ian"]
[Black "Naumkin, Igor"]
[Result "1/2-1/2"]
[WhiteElo "2556"]
[BlackElo "2445"]
[PlyCount "50"]
[EventDate "2005.10.21"]

1. e4 e5 2. Bc4 Nf6 3. d3 Nc6 4. Nc3 Bb4 5. Nge2 d5 6. exd5 Nxd5 7. O-O Bxc3 8.
Nxc3 Nxc3 9. bxc3 O-O 10. f4 exf4 11. Bxf4 Na5 12. Bb3 Nxb3 13. axb3 Be6 14.
Qf3 c6 15. Qg3 f6 16. c4 Bf7 17. Bc7 Qd4+ 18. Qf2 Qd7 19. Bg3 a6 20. Rfe1 Rae8
21. Qa7 h5 22. h3 Ra8 23. Qc5 Rae8 24. Qa7 Ra8 25. Qc5 Rae8 1/2-1/2

[Event "Essent open"]
[Site "Hoogeveen"]
[Date "2005.10.26"]
[Round "6"]
[White "Brodsky, Michail"]
[Black "Ernst, Sipke"]
[Result "1-0"]
[WhiteElo "2564"]
[BlackElo "2473"]
[PlyCount "101"]
[EventDate "2005.10.21"]

1. d4 Nf6 2. c4 e6 3. Nc3 Bb4 4. g3 O-O 5. Bg2 d6 6. Nf3 Bxc3+ 7. bxc3 Qe7 8.
O-O e5 9. Nd2 e4 10. Nb3 Re8 11. c5 dxc5 12. Ba3 b6 13. dxc5 Qe5 14. c4 Nbd7
15. c6 Nb8 16. Nd4 Rd8 17. e3 Na6 18. Qc2 Nc5 19. Rad1 Bg4 20. Rd2 Qh5 21. Bxc5
bxc5 22. Nb5 Rdc8 23. Bxe4 Nxe4 24. Qxe4 Bf3 {Diagram #} 25. Rd5 g5 26. Rxg5+
Qxg5 27. Qxf3 Qe5 28. Rd1 Rd8 29. Rd7 Rxd7 30. Qg4+ Kf8 31. Qxd7 Qe7 32. Qf5
Kg7 33. Qg4+ Kh8 34. Qf4 Rc8 35. Nxa7 Ra8 36. Nb5 Ra6 37. Nxc7 Rxc6 38. Nd5 Qe6
39. a4 f6 40. Qb8+ Kg7 41. Qb7+ Kh6 42. a5 Rd6 43. Qb8 Kg5 44. h4+ Kg4 45. Qb1
Qf5 46. e4 Qf3 47. Ne3+ Kh5 48. e5 Rd7 49. e6 Ra7 50. Qf5+ Qxf5 51. Nxf5 1-0

[Event "Essent open"]
[Site "Hoogeveen"]
[Date "2005.10.26"]
[Round "6"]
[White "Willemze, Thomas"]
[Black "Goloshchapov, Alexander"]
[Result "1/2-1/2"]
[WhiteElo "2363"]
[BlackElo "2523"]
[PlyCount "64"]
[EventDate "2005.10.21"]

1. e4 c5 2. Nf3 Nc6 3. Bb5 e6 4. O-O Nge7 5. Re1 a6 6. Bf1 d5 7. exd5 Nxd5 8.
d4 b5 9. a4 b4 10. Bg5 Be7 11. Bxe7 Qxe7 12. c4 bxc3 13. Nxc3 Nxc3 14. bxc3 O-O
15. d5 Rd8 16. Bc4 Na5 17. Bd3 Rxd5 18. Bxh7+ Kf8 19. Qc2 g6 20. c4 Rh5 21. Qc3
Rxh7 22. Qxa5 Bb7 23. Ne5 Qh4 24. Qxc5+ Kg8 25. f3 Qxh2+ 26. Kf2 Qh4+ 27. Kg1
Rd8 28. Qe3 Qh2+ 29. Kf2 Qh4+ 30. Kg1 Qh2+ 31. Kf2 Qh4+ 32. Kg1 Qh2+ 1/2-1/2

[Event "Essent open"]
[Site "Hoogeveen"]
[Date "2005.??.??"]
[Round "6"]
[White "Hoeksema, Erik"]
[Black "Kharitonov, Alexandr"]
[Result "0-1"]
[WhiteElo "2401"]
[BlackElo "2545"]
[PlyCount "92"]
[EventDate "2005.10.21"]

1. e4 c6 2. d4 d5 3. e5 c5 4. Nf3 Bg4 5. c4 cxd4 6. Qxd4 Bxf3 7. gxf3 Nc6 8.
Qxd5 e6 9. Qe4 Bb4+ 10. Bd2 Bxd2+ 11. Nxd2 Qa5 12. a3 O-O-O 13. O-O-O Qxe5 14.
Qxe5 Nxe5 15. Rg1 g6 16. Rg5 Nc6 17. Ne4 Rxd1+ 18. Kxd1 Nh6 19. Nd6+ Kc7 20. c5
Rd8 21. Kc2 Nf5 22. Nxf7 Rf8 23. Nd6 Nxd6 24. cxd6+ Kxd6 25. Be2 Nd4+ 26. Kd3
Nxf3 27. Rg3 Nh4 28. Rg4 Nf5 29. Ra4 a6 30. Bf3 Rf7 31. Rb4 b5 32. Bh1 Ne7 33.
Ke2 Nd5 34. Rh4 Nf4+ 35. Ke3 e5 36. Rg4 Nh3 37. Bf3 Rf4 38. Rxf4 exf4+ 39. Kd4
Nxf2 40. b4 g5 41. Bb7 g4 42. Bxa6 Kc6 43. Bc8 h5 44. Be6 Kd6 45. Bc8 h4 46.
Bb7 h3 0-1

[Event "Essent open"]
[Site "Hoogeveen"]
[Date "2005.10.26"]
[Round "6"]
[White "Kleijn, Christov"]
[Black "Cebalo, Miso"]
[Result "0-1"]
[WhiteElo "2059"]
[BlackElo "2512"]
[PlyCount "56"]
[EventDate "2005.10.21"]

1. e4 c5 2. Nf3 d6 3. d4 cxd4 4. Nxd4 Nf6 5. Nc3 g6 6. Be3 Bg7 7. f3 O-O 8. Qd2
Nc6 9. Bc4 Bd7 10. h4 b5 11. Ncxb5 Ne5 12. Bb3 Qc8 13. O-O-O Qb7 14. Nc3 Rab8
15. Bh6 Nc4 16. Qg5 Rfc8 17. h5 Rc5 18. Nd5 Nxd5 19. hxg6 Bxh6 20. gxf7+ Kxf7
21. Rxh6 Nf6 22. e5 Rxe5 23. Qh4 Ke8 24. Bxc4 Qxb2+ 25. Kd2 Qb4+ 26. Kd3 d5 27.
Bb3 Rc8 28. a3 Qc3# 0-1